| 000 | 00618nam a2200205 u 4500 | ||
|---|---|---|---|
| 005 | 20240913063950.0 | ||
| 008 | 070827s1997 r 000 0 eng d | ||
| 020 | _a8426412564 | ||
| 035 | _aUPN01000151439 | ||
| 049 | _aCG | ||
| 050 | 4 |
_aPQ4813 C6 _bC5.6 |
|
| 100 | 1 |
_aEco, Umberto, _d1932-2016 _930161 |
|
| 245 | 1 | 0 |
_aCinco escritos morales / _cUmberto Eco ; tr. Helena Lozano Miralles. |
| 260 |
_aBarcelona, Esp. : _bLumen, _c[1997]. |
||
| 300 | _a140 P. | ||
| 534 |
_pTÃtulo original: _tCinque scritti morali |
||
| 600 | 1 | 4 |
_aECO, UMBERTO, _d1932- _98070 |
| 650 | 4 |
_aLiteratura italiana _95068 |
|
| 650 | 4 | _aMORAL | |
| 999 |
_c123576 _d123576 |
||